[Event "Europa ch s-16 femenino"]
[Site "Herceg Novi  MNT"]
[Date "2008.09.21"]
[Round "6.14"]
[White "Bauer, Marie-Christine"]
[Black "Forgues, Valerie"]
[Result "0-1"]
[WhiteElo "1707"]
[BlackElo "1999"]
[PlyCount "70"]
[EventDate "2008.09.15"]
[EventType "swiss"]
[EventRounds "9"]
[Source "lmi"]
[SourceDate "2008.09.15"]

1. e4 e5 2. Nf3 Nc6 3. Bc4 Bc5 4. c3 Nf6 5. d4 exd4 6. e5 d5 7. Bb5 Ne4 8. cxd4
Bb6 9. Nc3 Bf5 10. Bxc6+ bxc6 11. Be3 O-O 12. O-O Rb8 13. Na4 Bg4 14. Rc1 Qe8
15. Qc2 f6 16. h4 Qg6 17. Nh2 Bd7 18. f4 fxe5 19. fxe5 Qg3 20. Nf3 Bg4 21. Qe2
Bxf3 22. Rxf3 Rxf3 23. Qxf3 Qxh4 24. Rxc6 Ng3 25. e6 Rf8 26. e7 Qh1+ 27. Kf2
Rxf3+ 28. Kxf3 Kf7 29. Re6 Ke8 30. Kxg3 Qe1+ 31. Kf4 Bxd4 32. b3 g5+ 33. Kf3
Qf1+ 34. Kg4 Bxe3 35. Rxe3 Qf4+ 0-1

[Event "Europa ch s-16 femenino"]
[Site "Herceg Novi  MNT"]
[Date "2008.09.21"]
[Round "6.16"]
[White "Kazimova, Narmin Nizami Qizi"]
[Black "Arce Calva, Elvira"]
[Result "1/2-1/2"]
[WhiteElo "2148"]
[BlackElo "1876"]
[PlyCount "120"]
[EventDate "2008.09.15"]
[EventType "swiss"]
[EventRounds "9"]
[Source "lmi"]
[SourceDate "2008.09.15"]

1. Nf3 d5 2. d4 Nf6 3. c4 c6 4. Qc2 Bg4 5. Ne5 e6 6. Nxg4 Nxg4 7. f3 Nf6 8. e3
Be7 9. Bd3 O-O 10. cxd5 cxd5 11. O-O Nc6 12. a3 Rc8 13. Nc3 Na5 14. Qd1 Nc4 15.
Ne2 Qb6 16. b3 Nd6 17. Bd2 Rc6 18. Kh1 Rfc8 19. Qb1 Nb5 20. Qb2 a6 21. a4 Nd6
22. a5 Qd8 23. Nc3 Nf5 24. Ne2 Nd6 25. Rac1 h6 26. Rxc6 Rxc6 27. Rc1 Qc8 28.
Rxc6 Qxc6 29. Qc3 Qxc3 30. Nxc3 Nf5 31. Na4 Nd7 32. b4 Nxe3 33. Bxe3 Bxb4 34.
Nb6 Nxb6 35. axb6 Ba5 36. Kg1 Bxb6 37. Kf2 Kf8 38. Ke2 Ke7 39. Kd2 Kd6 40. Kc3
Ba5+ 41. Kb3 b5 42. Bf4+ Kc6 43. Bc1 Bb6 44. Bb2 a5 45. Bc3 Bc7 46. g3 Kb6 47.
Bd2 Bd6 48. Bh7 a4+ 49. Kb2 b4 50. Bd3 f6 51. f4 e5 52. fxe5 fxe5 53. Be3 Ka5
54. Bf5 Kb5 55. Bd3+ Ka5 56. Bf5 Kb5 57. Bd3+ Ka5 58. Bg6 Kb5 59. Bd3+ Ka5 60.
Bf5 Kb5 1/2-1/2

[Event "Europa ch s-16 femenino"]
[Site "Herceg Novi  MNT"]
[Date "2008.09.21"]
[Round "6.17"]
[White "Kolaric, Spela"]
[Black "Eric, Jovana"]
[Result "0-1"]
[WhiteElo "1890"]
[BlackElo "2111"]
[PlyCount "120"]
[EventDate "2008.09.15"]
[EventType "swiss"]
[EventRounds "9"]
[Source "lmi"]
[SourceDate "2008.09.15"]

1. e4 c5 2. Nf3 d6 3. d4 cxd4 4. Nxd4 Nf6 5. Nc3 a6 6. Be2 e5 7. Nb3 Be7 8. O-O
O-O 9. Kh1 Be6 10. f4 Qc7 11. a4 Nbd7 12. Be3 exf4 13. Rxf4 Ne5 14. Nd4 Nfd7
15. Qd2 Nb6 16. b3 Bf6 17. Rd1 Ng6 18. Rff1 Be5 19. Bh5 Rae8 20. Nce2 Nd7 21.
Nf5 Nf6 22. Bf3 d5 23. Nfg3 dxe4 24. Bxe4 Bg4 25. Bf3 Bxf3 26. gxf3 Nh4 27. Bf4
Qc6 28. Ng1 Bxf4 29. Qxf4 Ng6 30. Qf5 Re5 31. Qd3 Ng4 32. Ne4 Nf4 33. Qc3 Qxc3
34. Nxc3 Ne3 35. Rfe1 Nxd1 36. Rxd1 Rc5 37. Nge2 Nxe2 38. Nxe2 Rxc2 39. Nd4 Rd8
40. Kg1 Rc7 41. Kf2 Rcd7 42. Ke3 f5 43. Rd2 Kf7 44. b4 f4+ 45. Ke4 g5 46. h3
Kf6 47. b5 axb5 48. axb5 Rc8 49. Rd1 Re7+ 50. Kd5 Re5+ 51. Kd6 Rd8+ 52. Kc7
Red5 53. Kxb7 Rxd4 54. Rb1 Rd3 55. b6 Rxf3 56. Kc7 Rf8 57. b7 Rxh3 58. Rb6+ Kf5
59. Rb5+ Kg4 60. b8=Q Rxb8 0-1

[Event "Europa ch s-16 femenino"]
[Site "Herceg Novi  MNT"]
[Date "2008.09.21"]
[Round "6.18"]
[White "Petrova, Irina"]
[Black "Stojkovska, Monika"]
[Result "1/2-1/2"]
[WhiteElo "2011"]
[BlackElo "1869"]
[PlyCount "107"]
[EventDate "2008.09.15"]
[EventType "swiss"]
[EventRounds "9"]
[Source "lmi"]
[SourceDate "2008.09.15"]

1. Nf3 e6 2. c4 Nf6 3. g3 c5 4. Bg2 Nc6 5. Nc3 Be7 6. d4 cxd4 7. Nxd4 O-O 8.
O-O Qb6 9. Ndb5 a6 10. Be3 Qa5 11. Nd6 Qb4 12. Nxc8 Raxc8 13. Qb3 Na5 14. Qxb4
Bxb4 15. a3 Bxc3 16. bxc3 Rxc4 17. Rab1 b5 18. Rfd1 d5 19. Bd4 Rfc8 20. Rb4 Nd7
21. e4 dxe4 22. Bxe4 e5 23. Be3 Nf6 24. Bf5 Rb8 25. Ba7 Ra8 26. Bb6 Rxb4 27.
axb4 Nc4 28. Bc5 g6 29. Bh3 e4 30. Bf1 Ne5 31. Ra1 Nd3 32. Bxd3 exd3 33. Rd1
Ne4 34. Bd4 Nd6 35. Rxd3 Nc4 36. Bf6 Re8 37. Rd7 Kf8 38. Ra7 Re6 39. Ra8+ Re8
40. Rxa6 Re6 41. Ra8+ Re8 42. Rxe8+ Kxe8 43. Kf1 Kd7 44. Ke2 Ke6 45. Bd4 f5 46.
Be3 Ne5 47. Bf4 Nc4 48. Bc1 Kd5 49. Be3 Ke4 50. f3+ Ke5 51. Bd4+ Kd5 52. Kd3
Ke6 53. Bg7 Kd5 54. Bd4 1/2-1/2

[Event "Europa ch s-16 femenino"]
[Site "Herceg Novi  MNT"]
[Date "2008.09.21"]
[Round "6.22"]
[White "Vericeanu, Ilinca"]
[Black "Thorsteinsdottir, Hallgerdur"]
[Result "0-1"]
[WhiteElo "1811"]
[BlackElo "1907"]
[PlyCount "54"]
[EventDate "2008.09.15"]
[EventType "swiss"]
[EventRounds "9"]
[Source "lmi"]
[SourceDate "2008.09.15"]

1. e4 c6 2. Nc3 d5 3. Nf3 Bg4 4. h3 Bxf3 5. Qxf3 Nf6 6. g4 e6 7. d3 Bb4 8. g5
Nfd7 9. exd5 cxd5 10. Bd2 Nc6 11. Qf4 Nde5 12. Bg2 Bd6 13. Qa4 a6 14. O-O O-O
15. Ne2 Qc7 16. f4 b5 17. Qb3 Ng6 18. c4 bxc4 19. dxc4 Rab8 20. Qa4 Rxb2 21.
Rfd1 Bxf4 22. Nxf4 Nxf4 23. cxd5 Ne2+ 24. Kh1 Ng3+ 25. Kg1 Nd4 26. Ba5 Nde2+
27. Kf2 Qc5+ 0-1

[Event "Europa ch s-16 femenino"]
[Site "Herceg Novi  MNT"]
[Date "2008.09.21"]
[Round "6.23"]
[White "Nesic, Dragana"]
[Black "Ponomarenko, Natalia"]
[Result "1/2-1/2"]
[WhiteElo "1873"]
[BlackElo "1961"]
[PlyCount "99"]
[EventDate "2008.09.15"]
[EventType "swiss"]
[EventRounds "9"]
[Source "lmi"]
[SourceDate "2008.09.15"]

1. e4 c5 2. Nc3 Nc6 3. g3 g6 4. Bg2 Bg7 5. f4 d6 6. Nf3 e6 7. O-O Nge7 8. d3
O-O 9. Be3 Nd4 10. Bf2 Rb8 11. Rb1 b5 12. Nxd4 cxd4 13. Ne2 e5 14. c3 Bg4 15.
cxd4 exd4 16. h3 Bxe2 17. Qxe2 Re8 18. Qd2 Qb6 19. Rbc1 d5 20. e5 f6 21. exf6
Bxf6 22. Rc2 Rbc8 23. Rfc1 Rxc2 24. Rxc2 Qd6 25. Qa5 a6 26. Qc7 Qe6 27. Qb7 g5
28. fxg5 Bxg5 29. Bxd4 Be3+ 30. Bxe3 Qxe3+ 31. Kh2 Qxd3 32. Rc7 Qe2 33. Qxa6
Rf8 34. Qd6 Rf7 35. b3 Kg7 36. a4 bxa4 37. bxa4 Qe3 38. Rd7 Qe1 39. a5 Kf8 40.
Bxd5 Rf2+ 41. Bg2 Qe4 42. Qxe7+ Qxe7 43. Rxe7 Kxe7 44. g4 Ra2 45. Kg3 Rxa5 46.
Be4 h6 47. h4 Ra3+ 48. Bf3 Ke6 49. Kf4 Ra4+ 50. Be4 1/2-1/2

[Event "Europa ch s-16 femenino"]
[Site "Herceg Novi  MNT"]
[Date "2008.09.21"]
[Round "6.24"]
[White "Sabolova, Gabriela"]
[Black "Frey, Alisa"]
[Result "0-1"]
[WhiteElo "1814"]
[BlackElo "1939"]
[PlyCount "106"]
[EventDate "2008.09.15"]
[EventType "swiss"]
[EventRounds "9"]
[Source "lmi"]
[SourceDate "2008.09.15"]

1. e4 c5 2. Nc3 d6 3. g3 Nc6 4. Bg2 g6 5. d3 Bg7 6. f4 e6 7. Nf3 Nge7 8. O-O
O-O 9. Be3 Nd4 10. Qd2 b5 11. Rab1 Rb8 12. Ne2 Nxf3+ 13. Bxf3 f5 14. h3 Bb7 15.
g4 Qc7 16. g5 fxe4 17. dxe4 d5 18. exd5 exd5 19. Bf2 a5 20. h4 Rbd8 21. h5 gxh5
22. Bxh5 d4 23. Kh2 Be4 24. Bg3 Nf5 25. Ng1 Ne3 26. Rfc1 Qd7 27. Bf3 Bf5 28.
Bf2 Nc4 29. Qd1 Qc7 30. Bg3 d3 31. cxd3 Rxd3 32. Qe1 Re3 33. Qf2 Bd4 34. Qg2
Bxb1 35. Rxb1 Rfe8 36. Bd5+ Kh8 37. Qh3 Nxb2 38. g6 R8e7 39. Qf5 Qb8 40. Qh5
Rg7 41. Nf3 Bf6 42. Rxb2 Bxb2 43. Ng5 Ree7 44. Nf7+ Rexf7 45. Bxf7 c4 46. f5
Be5 47. Bxe5 Qxe5+ 48. Kh1 Qa1+ 49. Kg2 Qxa2+ 50. Kh1 Qa1+ 51. Kg2 Qf6 52. Qh2
Qb2+ 53. Kg3 Qxh2+ 0-1

[Event "Europa ch s-16 femenino"]
[Site "Herceg Novi  MNT"]
[Date "2008.09.21"]
[Round "6.25"]
[White "Miladinovic, Lena"]
[Black "Messina, Roberta"]
[Result "1-0"]
[WhiteElo "1850"]
[BlackElo "1904"]
[PlyCount "103"]
[EventDate "2008.09.15"]
[EventType "swiss"]
[EventRounds "9"]
[Source "lmi"]
[SourceDate "2008.09.15"]

1. e4 c5 2. Nf3 d6 3. c3 Nf6 4. h3 Bd7 5. Bd3 Nc6 6. Bc2 Rc8 7. O-O g6 8. d4
cxd4 9. cxd4 Nb4 10. Bb3 d5 11. e5 Ne4 12. a3 Qa5 13. e6 fxe6 14. Bd2 Nxd2 15.
Qxd2 Nc6 16. Nc3 Bg7 17. Ba4 O-O 18. Bxc6 bxc6 19. b4 Qc7 20. Rfe1 Rxf3 21.
gxf3 e5 22. dxe5 Bxe5 23. Kg2 Rf8 24. Nxd5 Qd6 25. Rad1 cxd5 26. Qxd5+ Qxd5 27.
Rxd5 Bd6 28. Ra5 Bc6 29. Re3 Bc7 30. Rc5 Bb6 31. Rxc6 Bxe3 32. fxe3 Kf7 33. Ra6
Ra8 34. b5 Rb8 35. a4 Rb7 36. Rc6 Rd7 37. Kg3 Kg7 38. Kf4 Kh6 39. Ke4 Kh5 40.
a5 Rb7 41. b6 axb6 42. axb6 Kh4 43. f4 Kxh3 44. Kd5 Kg4 45. Kc5 e5 46. fxe5 Kf5
47. e6 h5 48. Kd6 Kf6 49. e4 h4 50. e5+ Kg7 51. e7 Rb8 52. Kd7 1-0

[Event "Europa ch s-16 femenino"]
[Site "Herceg Novi  MNT"]
[Date "2008.09.21"]
[Round "6.26"]
[White "Edes, Zsofia"]
[Black "De Seroux, Camille"]
[Result "1-0"]
[WhiteElo "1812"]
[BlackElo "1898"]
[PlyCount "91"]
[EventDate "2008.09.15"]
[EventType "swiss"]
[EventRounds "9"]
[Source "lmi"]
[SourceDate "2008.09.15"]

1. d4 Nf6 2. c4 g6 3. Nc3 Bg7 4. e4 d6 5. f4 O-O 6. Nf3 c5 7. d5 e6 8. Be2 exd5
9. cxd5 Bg4 10. O-O Nbd7 11. Qc2 Re8 12. h3 Bxf3 13. Bxf3 Qa5 14. Bd2 b5 15.
Nd1 Qc7 16. a4 b4 17. Bxb4 Rac8 18. Be1 c4 19. Nc3 Nc5 20. Nb5 Qb8 21. Bf2
Nfxe4 22. Bxe4 Nxe4 23. Bxa7 Qb7 24. Rad1 c3 25. Bd4 Ng3 26. Rf2 Bxd4 27. Nxd4
cxb2 28. Nc6 Re2 29. Rxe2 Nxe2+ 30. Kh2 Nxf4 31. Ne7+ Qxe7 32. Qxc8+ Kg7 33.
Qc3+ Qf6 34. Qxf6+ Kxf6 35. Rb1 Nxd5 36. Rxb2 Nc7 37. a5 Ke6 38. Kg3 Kd7 39.
Kf3 Kc6 40. Ke4 Ne6 41. Kf3 Nc5 42. g4 Kc7 43. g5 Ne6 44. a6 Nd4+ 45. Ke4 Nc6
46. Rb7+ 1-0

[Event "Europa ch s-16 femenino"]
[Site "Herceg Novi  MNT"]
[Date "2008.09.21"]
[Round "6.28"]
[White "Haug, Marianne Wold"]
[Black "Todorova, Kalina"]
[Result "0-1"]
[WhiteElo "1881"]
[BlackElo "1711"]
[PlyCount "83"]
[EventDate "2008.09.15"]
[EventType "swiss"]
[EventRounds "9"]
[Source "lmi"]
[SourceDate "2008.09.15"]

1. e4 c5 2. Nf3 e6 3. d4 cxd4 4. Nxd4 a6 5. Nc3 Qc7 6. Bd3 Nc6 7. Be3 Nf6 8.
O-O Be7 9. Kh1 O-O 10. f4 d6 11. Qe1 b5 12. a4 b4 13. Nce2 Bb7 14. Bd2 d5 15.
e5 Ne4 16. Nxc6 Qxc6 17. Bxb4 Bxb4 18. Qxb4 d4 19. Rf3 a5 20. Qb5 Qc7 21. Rd1
Nc5 22. Rh3 g6 23. Qc4 Qc6 24. Rg3 Nxd3 25. cxd3 Qb6 26. Qxd4 Qb3 27. Rf1 Qc2
28. Ng1 Rfd8 29. Qb6 Ba6 30. Ra1 Bxd3 31. b4 Be4 32. Qc5 Qb2 33. Re1 Bb7 34.
Qc3 Qxb4 35. Qxb4 axb4 36. Ra1 Bd5 37. Ne2 Bc4 38. Re3 Rd2 39. Ng3 Rxa4 40. Rc1
b3 41. Ne4 Rc2 42. Rxc2 0-1

[Event "Europa ch s-16 femenino"]
[Site "Herceg Novi  MNT"]
[Date "2008.09.21"]
[Round "6.31"]
[White "Korniyuk, Mariya"]
[Black "Lisac, Tihana"]
[Result "1-0"]
[WhiteElo "2009"]
[BlackElo "1773"]
[PlyCount "107"]
[EventDate "2008.09.15"]
[EventType "swiss"]
[EventRounds "9"]
[Source "lmi"]
[SourceDate "2008.09.15"]

1. e4 c5 2. Nf3 Nc6 3. Bb5 g6 4. Bxc6 dxc6 5. d3 Bg7 6. h3 Nf6 7. Nc3 O-O 8.
Be3 b6 9. Qd2 Re8 10. Bh6 Bh8 11. O-O e5 12. Nh2 Nh5 13. g4 Ng7 14. f4 exf4 15.
Qxf4 Qe7 16. Nf3 Ne6 17. Qd2 Nd4 18. Rae1 Be6 19. b3 Qd7 20. Nd1 Nxf3+ 21. Rxf3
Be5 22. Ref1 Bd4+ 23. Kh1 Rad8 24. Bg5 Rc8 25. Bf6 Bxf6 26. Rxf6 Kg7 27. Ne3
Re7 28. Qf2 Qd4 29. Qf4 b5 30. h4 c4 31. Qg5 h6 32. Rxg6+ fxg6 33. Qxe7+ Kh8
34. Qxe6 Rg8 35. Nf5 Qd8 36. Qe5+ Kh7 37. Ne7 Rg7 38. Nxc6 Qxh4+ 39. Qh2 Qxg4
40. bxc4 bxc4 41. Ne5 Qe6 42. Nxc4 Rf7 43. Rxf7+ Qxf7 44. Kg1 Qe7 45. Qe5 Qb7
46. Kf2 Qf7+ 47. Ke3 Qd7 48. Nd6 Qh3+ 49. Kd4 Qd7 50. Qf6 Qa4+ 51. c4 Qd7 52.
Qf7+ Qxf7 53. Nxf7 Kg7 54. Nxh6 1-0

[Event "Europa ch s-16 femenino"]
[Site "Herceg Novi  MNT"]
[Date "2008.09.22"]
[Round "7.1"]
[White "Schut, Donna"]
[Black "Tsatsalashvili, Keti"]
[Result "1-0"]
[WhiteElo "2069"]
[BlackElo "2271"]
[PlyCount "153"]
[EventDate "2008.09.15"]
[EventType "swiss"]
[EventRounds "9"]
[Source "lmi"]
[SourceDate "2008.09.15"]

1. e4 c5 2. Nf3 d6 3. d4 cxd4 4. Nxd4 Nf6 5. f3 e5 6. Nb3 d5 7. Bg5 Be6 8. Bxf6
gxf6 9. exd5 Qxd5 10. Qxd5 Bxd5 11. Nc3 Be6 12. O-O-O a6 13. Nd5 Bxd5 14. Rxd5
Nc6 15. c3 Rc8 16. Kb1 h5 17. g3 Rd8 18. Rxd8+ Nxd8 19. Bd3 Bd6 20. Nd2 Ke7 21.
Ne4 Bc7 22. Rd1 Rg8 23. Bc2 Ne6 24. Rd7+ Kxd7 25. Nxf6+ Kd6 26. Nxg8 Ng5 27.
Be4 f5 28. Bxb7 e4 29. fxe4 fxe4 30. Nf6 Ke5 31. Nxh5 Nf3 32. h4 a5 33. Kc2
Ne1+ 34. Kd2 Nf3+ 35. Ke2 Ng1+ 36. Kd1 Bb6 37. Ke1 Nf3+ 38. Kf1 a4 39. Nf4 a3
40. bxa3 Ba5 41. h5 Bxc3 42. h6 Kf5 43. Bd5 Kg5 44. h7 Kh6 45. Ke2 Nd4+ 46. Ke3
Nf5+ 47. Kxe4 Nxg3+ 48. Kf3 Nf5 49. Be4 Nd6 50. Bc2 Kg7 51. a4 Nb7 52. Ke3 Bb2
53. Ne6+ Kh8 54. Bg6 Ba1 55. Kd3 Na5 56. Ke4 Nc4 57. Kf4 Bc3 58. Bd3 Na5 59.
Kg5 Nc6 60. Be4 Na5 61. Kh6 Nc4 62. Ng5 Ne5 63. Kh5 Kg7 64. Ne6+ Kh8 65. Nd8
Kg7 66. Nb7 Nd7 67. Kg5 Nf6 68. Kf4 Nd7 69. a5 Nb8 70. Bd3 Nc6 71. a6 Bd4 72.
Ke4 Bg1 73. a3 Ne7 74. Ke5 Nc8 75. Kd5 Be3 76. Nd6 Na7 77. Nf5+ 1-0

[Event "Europa ch s-16 femenino"]
[Site "Herceg Novi  MNT"]
[Date "2008.09.22"]
[Round "7.2"]
[White "Repina, Varvara"]
[Black "Shvayger, Yuliya"]
[Result "0-1"]
[WhiteElo "2201"]
[BlackElo "2151"]
[PlyCount "76"]
[EventDate "2008.09.15"]
[EventType "swiss"]
[EventRounds "9"]
[Source "lmi"]
[SourceDate "2008.09.15"]

1. d4 d5 2. c4 dxc4 3. Nf3 Nf6 4. Nc3 a6 5. e4 b5 6. e5 Nd5 7. a4 Bb7 8. e6
fxe6 9. Ng5 Nxc3 10. bxc3 Qd5 11. Be2 Qxg2 12. Rf1 Nd7 13. Nxe6 Rc8 14. Bf4 Qh3
15. Nxf8 Rxf8 16. Bg3 Qf5 17. axb5 axb5 18. Ra7 Bf3 19. Bxf3 Qxf3 20. Qxf3 Rxf3
21. Kd2 c5 22. dxc5 Rxc5 23. Kc2 Rd5 24. Rb1 g5 25. Rb7 Rff5 26. Re1 Kf7 27. h4
g4 28. Ra7 h5 29. Re2 Rf3 30. Rb7 Kf6 31. Re1 e6 32. Ra1 Rfd3 33. Bf4 Kf5 34.
Be3 g3 35. Rf1 Ke4 36. Rc7 g2 37. Rg1 Kf3 38. Rc8 Rd1 0-1

[Event "Europa ch s-16 femenino"]
[Site "Herceg Novi  MNT"]
[Date "2008.09.22"]
[Round "7.4"]
[White "Iordanidou, Zoi"]
[Black "Suslova, Alena"]
[Result "1/2-1/2"]
[WhiteElo "2060"]
[BlackElo "2184"]
[PlyCount "131"]
[EventDate "2008.09.15"]
[EventType "swiss"]
[EventRounds "9"]
[Source "lmi"]
[SourceDate "2008.09.15"]

1. e4 c5 2. Nf3 d6 3. d4 cxd4 4. Nxd4 Nf6 5. Nc3 g6 6. Be3 Bg7 7. f3 O-O 8. Qd2
Nc6 9. Bc4 Bd7 10. O-O-O Rc8 11. Be2 Ne5 12. Kb1 Nc4 13. Bxc4 Rxc4 14. g4 b5
15. Ndxb5 Bxb5 16. Nxb5 Qb8 17. Nd4 Rfc8 18. Rc1 Nd7 19. Nb3 Ne5 20. Rhf1 Rb4
21. c3 Rb7 22. Ka1 Nc4 23. Qe2 a5 24. Rb1 a4 25. Nd4 e5 26. Nf5 gxf5 27. gxf5
f6 28. Rg1 Kh8 29. h4 Qc7 30. Qd3 Rcb8 31. Rg2 Qf7 32. h5 Nxe3 33. Qxe3 Qf8 34.
h6 Bxh6 35. Qd3 Bg5 36. Rd1 Rb6 37. Rh1 Qg8 38. Qd1 a3 39. b3 Rc8 40. c4 Rc7
41. Rhg1 Qf7 42. f4 Bxf4 43. Rg8+ Qxg8 44. Rxg8+ Kxg8 45. Qg1+ Rg7 46. Qxb6 Rg2
47. Kb1 Rb2+ 48. Ka1 Rc2 49. Qb8+ Kg7 50. Qa7+ Kh6 51. Qxa3 Rd2 52. Qa8 Be3 53.
Qf8+ Kg5 54. Qg7+ Kf4 55. Kb1 Kxe4 56. Qg4+ Kd3 57. Qf3 e4 58. Qf1+ Kc3 59. c5
Rb2+ 60. Ka1 Rc2 61. c6 Kd4 62. Qd1+ Rd2 63. Qe1 Rc2 64. Qd1+ Rd2 65. Qf1 Rc2
66. Qd1+ 1/2-1/2

[Event "Europa ch s-16 femenino"]
[Site "Herceg Novi  MNT"]
[Date "2008.09.22"]
[Round "7.5"]
[White "Homiakova, Elena"]
[Black "Abdulla, Khayala Mardan Qizi"]
[Result "0-1"]
[WhiteElo "2078"]
[BlackElo "2029"]
[PlyCount "110"]
[EventDate "2008.09.15"]
[EventType "swiss"]
[EventRounds "9"]
[Source "lmi"]
[SourceDate "2008.09.15"]

1. e4 c5 2. Nf3 e6 3. Nc3 a6 4. d4 cxd4 5. Nxd4 Qc7 6. Bd3 Nc6 7. Nxc6 dxc6 8.
O-O e5 9. Be3 Nf6 10. f3 b5 11. a4 b4 12. Na2 Be6 13. Qe2 a5 14. Bc4 Bxc4 15.
Qxc4 Nd7 16. c3 Nb6 17. Qe2 Nxa4 18. cxb4 axb4 19. Nc1 Qb7 20. Qc2 Qb5 21. f4
Bd6 22. b3 Nb6 23. Rxa8+ Nxa8 24. Nd3 exf4 25. Bd4 O-O 26. e5 Bc7 27. Rxf4 Rd8
28. Kh1 c5 29. Qxc5 Qxd3 30. Qe7 Qd1+ 31. Bg1 Qd7 32. Qg5 Qe6 33. Rxb4 Qxe5 34.
Qxe5 Bxe5 35. g3 h6 36. Rb5 f6 37. Rb7 Rb8 38. Rxb8+ Bxb8 39. Kg2 Kf7 40. Kf3
Ke6 41. g4 g6 42. Be3 Bxh2 43. Bxh6 g5 44. Ke4 Bd6 45. Bg7 Kf7 46. Bh8 Be5 47.
Kf5 Nb6 48. b4 Nc8 49. Ke4 Kg8 50. Bxf6 Bxf6 51. Kd5 Kf7 52. b5 Bd8 53. Kc6
Na7+ 54. Kd7 Nxb5 55. Kxd8 Ke6 0-1

[Event "Europa ch s-16 femenino"]
[Site "Herceg Novi  MNT"]
[Date "2008.09.22"]
[Round "7.7"]
[White "Zakoscielna, Kinga"]
[Black "Stetsko, Lanita"]
[Result "0-1"]
[WhiteElo "2125"]
[BlackElo "2022"]
[PlyCount "100"]
[EventDate "2008.09.15"]
[EventType "swiss"]
[EventRounds "9"]
[Source "lmi"]
[SourceDate "2008.09.15"]

1. e4 c5 2. Nf3 Nc6 3. d4 cxd4 4. Nxd4 g6 5. Nc3 Bg7 6. Be3 Nf6 7. Bc4 O-O 8.
Bb3 Na5 9. e5 Nxb3 10. axb3 Ne8 11. f4 d6 12. Ndb5 Bf5 13. g4 Bd7 14. exd6 exd6
15. Qe2 a6 16. Nd4 Qh4+ 17. Kd2 Qxg4 18. Qf2 Bc6 19. Rhg1 Qd7 20. f5 Nf6 21.
Rad1 b5 22. Kc1 b4 23. Nce2 Be4 24. Bg5 Rac8 25. Qh4 Qe7 26. Ng3 d5 27. Nh5
Rxc2+ 28. Nxc2 Qc5 29. Rg2 Bxg2 30. Be3 Qc6 31. Nxg7 Rc8 32. Rd2 Be4 33. Ne6
fxe6 34. Qxf6 Bxc2 35. Qxe6+ Qxe6 36. fxe6 Bxb3+ 37. Kb1 Re8 38. Bf2 Rxe6 39.
Rd3 Bc4 40. Rf3 b3 41. Kc1 Re7 42. Bd4 Re1+ 43. Kd2 Re2+ 44. Kc3 a5 45. Be3
Rc2+ 46. Kd4 h5 47. Ke5 Rxb2 48. Kf6 Rg2 49. Ke7 d4 50. Rf8+ Kg7 0-1

[Event "Europa ch s-16 femenino"]
[Site "Herceg Novi  MNT"]
[Date "2008.09.22"]
[Round "7.8"]
[White "Forgues, Valerie"]
[Black "Adamowicz, Katarzyna"]
[Result "0-1"]
[WhiteElo "1999"]
[BlackElo "2063"]
[PlyCount "112"]
[EventDate "2008.09.15"]
[EventType "swiss"]
[EventRounds "9"]
[Source "lmi"]
[SourceDate "2008.09.15"]

1. e4 c5 2. Nf3 e6 3. d4 cxd4 4. Nxd4 a6 5. Nc3 b5 6. a4 b4 7. Na2 Qc7 8. Be2
Bb7 9. Bf3 Nf6 10. Qd3 Qe5 11. O-O Bxe4 12. Re1 d5 13. Bxe4 dxe4 14. Qc4 Nbd7
15. Nc6 Qc7 16. Rxe4 Nxe4 17. Qxe4 Nf6 18. Qf3 Rc8 19. Ncxb4 Be7 20. Bf4 e5 21.
Bg3 O-O 22. c3 a5 23. Nc2 Rfd8 24. Nd4 Qb6 25. Nb5 e4 26. Qe2 Rd7 27. Nc1 Qe6
28. Nd4 Qd5 29. Ncb3 Bd6 30. Bxd6 Rxd6 31. Qb5 e3 32. Qxd5 exf2+ 33. Kxf2 Rxd5
34. Nb5 Re8 35. N3d4 Rde5 36. Rd1 Ng4+ 37. Kg3 h5 38. h3 Re3+ 39. Nf3 Ne5 40.
Nbd4 Nxf3 41. Nxf3 Rb8 42. Rd2 Re4 43. Nd4 Rc8 44. Rd3 Re1 45. b3 g6 46. Kf3
Kg7 47. Nb5 Rce8 48. Nd6 Rf1+ 49. Kg3 Re5 50. Nc4 Re4 51. Rf3 h4+ 52. Kh2 Rc1
53. Rf2 Ree1 54. g4 Rh1+ 55. Kg2 Rcg1+ 56. Kf3 Rxh3+ 0-1

[Event "Europa ch s-16 femenino"]
[Site "Herceg Novi  MNT"]
[Date "2008.09.22"]
[Round "7.9"]
[White "Soloviova, Liza"]
[Black "Bulatkhanova, Bika"]
[Result "1-0"]
[WhiteElo "2148"]
[BlackElo "1976"]
[PlyCount "97"]
[EventDate "2008.09.15"]
[EventType "swiss"]
[EventRounds "9"]
[Source "lmi"]
[SourceDate "2008.09.15"]

1. Nf3 g6 2. d4 Bg7 3. c4 Nf6 4. Nc3 d6 5. e3 O-O 6. Be2 Nbd7 7. O-O e5 8. Qc2
Ne8 9. b3 f5 10. dxe5 dxe5 11. Ba3 c5 12. e4 f4 13. Rad1 b6 14. b4 g5 15. Ne1
Qf6 16. bxc5 Nxc5 17. Nd3 g4 18. Nxc5 bxc5 19. Nd5 Qh4 20. Rfe1 h5 21. Bf1 Qg5
22. Bxc5 Rf7 23. Qd2 h4 24. Ne7+ Kh7 25. Qd5 Nc7 26. Qxf7 Be6 27. Qg6+ Qxg6 28.
Nxg6 Kxg6 29. Bd6 Na6 30. Rb1 Rc8 31. Rec1 Nc5 32. Bxc5 Rxc5 33. Rb5 Rc7 34. c5
Bd7 35. Rb8 g3 36. Bb5 Bc6 37. Bxc6 Rxc6 38. Ra8 Bh6 39. f3 Kf6 40. Rxa7 Bf8
41. Ra5 Ke6 42. h3 Bd6 43. Kf1 Bc7 44. Rb5 Ra6 45. Rc2 Ra4 46. Ke2 Ra3 47. Rb3
Ra4 48. c6 Rd4 49. Rd3 1-0

[Event "Europa ch s-16 femenino"]
[Site "Herceg Novi  MNT"]
[Date "2008.09.22"]
[Round "7.10"]
[White "Lysenko, Maria"]
[Black "Grigorian, Marine"]
[Result "1-0"]
[WhiteElo "1915"]
[BlackElo "2131"]
[PlyCount "111"]
[EventDate "2008.09.15"]
[EventType "swiss"]
[EventRounds "9"]
[Source "lmi"]
[SourceDate "2008.09.15"]

1. d4 d6 2. Nf3 Nf6 3. g3 Nbd7 4. Bg2 e5 5. dxe5 dxe5 6. O-O Be7 7. b3 c6 8. a4
O-O 9. Na3 Qc7 10. Bb2 a5 11. Nc4 e4 12. Ng5 Nc5 13. Be5 Qd7 14. Nb6 Qf5 15.
Bf4 Nd5 16. Nxa8 Nxf4 17. gxf4 Qxf4 18. Nb6 Bf5 19. Qc1 Qh4 20. f4 h6 21. Qe1
Qh5 22. Nf3 exf3 23. Bxf3 Qg6+ 24. Qg3 Qxg3+ 25. hxg3 Bxc2 26. Nc4 Nxb3 27. Ra2
Nd4 28. Nxa5 Ra8 29. Nxb7 Ra7 30. Bxc6 Bb3 31. Rb2 Ba3 32. Rbb1 Bc2 33. Rb6
Nxc6 34. Rxc6 Bxa4 35. Rc8+ Kh7 36. Nc5 Bb5 37. Nd3 Re7 38. Rb1 Bd7 39. Ra8 Bd6
40. Ra6 Re6 41. Rbb6 Be7 42. Rxe6 Bxe6 43. Kf2 h5 44. Ra5 h4 45. gxh4 Bxh4+ 46.
Kf3 Bd8 47. Rh5+ Kg6 48. Rh2 Kf6 49. e4 g6 50. Nc5 Bc4 51. Rh8 Ba5 52. Nd7+ Ke7
53. Ne5 Bb5 54. Ra8 Bc3 55. Ra7+ Ke6 56. Nxf7 1-0

[Event "Europa ch s-16 femenino"]
[Site "Herceg Novi  MNT"]
[Date "2008.09.22"]
[Round "7.11"]
[White "Eric, Jovana"]
[Black "Trapeznikova, Darya"]
[Result "0-1"]
[WhiteElo "2111"]
[BlackElo "1919"]
[PlyCount "86"]
[EventDate "2008.09.15"]
[EventType "swiss"]
[EventRounds "9"]
[Source "lmi"]
[SourceDate "2008.09.15"]

1. e4 Nf6 2. e5 Nd5 3. d4 d6 4. Nf3 g6 5. Be2 Bg7 6. O-O O-O 7. c4 Nb6 8. exd6
cxd6 9. h3 Nc6 10. Nc3 Bf5 11. a3 d5 12. c5 Nc8 13. Be3 b6 14. Bb5 Nb8 15. Rc1
a6 16. Be2 bxc5 17. dxc5 Nc6 18. Qa4 Bd7 19. Qh4 e6 20. Bg5 Qa5 21. Nd1 e5 22.
Bh6 e4 23. Ng5 f6 24. Nxh7 Rf7 25. Bxg7 Kxg7 26. Nc3 N8e7 27. Nxd5 Nxd5 28. Bc4
Nce7 29. Qxe4 Bc6 30. Qe6 Rh8 31. Nxf6 Rxf6 32. Qe5 Rhf8 33. Rcd1 Qxc5 34. Bxa6
Bb5 35. b4 Qc6 36. Bxb5 Qxb5 37. Rc1 Qd3 38. a4 Qb3 39. b5 Qxa4 40. b6 Qf4 41.
Qxf4 Rxf4 42. Rfe1 Rb4 43. Re6 Rxb6 0-1

[Event "Europa ch s-16 femenino"]
[Site "Herceg Novi  MNT"]
[Date "2008.09.22"]
[Round "7.13"]
[White "Hitter, Gabriella"]
[Black "Anusca, Madalina-Maria"]
[Result "0-1"]
[WhiteElo "2075"]
[BlackElo "1949"]
[PlyCount "70"]
[EventDate "2008.09.15"]
[EventType "swiss"]
[EventRounds "9"]
[Source "lmi"]
[SourceDate "2008.09.15"]

1. e4 c5 2. Nf3 Nc6 3. d4 cxd4 4. Nxd4 g6 5. c4 Bg7 6. Be3 Nf6 7. Nc3 d6 8. Be2
O-O 9. h3 Bd7 10. O-O Rc8 11. Rc1 a6 12. f4 Qb6 13. Na4 Qa5 14. Nc3 Nxd4 15.
Bxd4 b5 16. e5 dxe5 17. fxe5 Ne8 18. Nd5 Rxc4 19. Bxc4 bxc4 20. Bb6 Qb5 21. a4
Qxa4 22. Bc5 Qb5 23. Bxe7 Bc6 24. Bxf8 Bxf8 25. Nf6+ Nxf6 26. exf6 Qc5+ 27. Kh1
Bd6 28. Re1 h5 29. Qe2 Qf5 30. Rc3 Qf4 31. Kg1 Qh2+ 32. Kf1 Qh1+ 33. Kf2 Qxg2+
34. Ke3 Qg5+ 35. Kf2 Bc5+ 0-1